000 00748nam a2200217 a 4500
001 000012812
005 20241130074013.0
008 091117s1994 dr r 001 j spa d
040 _aDO-SdBNP
_bspa
_cBNPHU
082 _aRD863.44
_bN714L
100 1 _aNina, Diógenes,
_d1941-
_911857
245 1 3 _aEl limbo de Felipe Guarao /
_cDiógenes Nina ; edición Odalís G. Pérez.
260 _aSanto Domingo :
_bBúho,
_c1994.
300 _a104 p. ;
_c22 cm.
590 _aInventariado, 2019/ YL
600 1 4 _aNINA, DIÓGENES,
_d1941-
_xCRÍTICA E INTERPRETACIÓN
_929619
650 0 _aCuentos dominicanos
_9176
650 0 _aLiteratura dominicana.
_967
700 1 _aPérez, Odalís
_d1952-
_eed.
_923828
910 _aValidado. Control de calidad MMOLINA
999 _c12462
_d12462